Las nuevas fronteras de América Latina

Shranjeno v:
Bibliografske podrobnosti
Main Authors: Devlin, Robert M (Author), Estevadeordal, Antoni (Author), Stein, Ernesto (Author)
Format: Knjiga
Jezik:španščina
Izdano: Bogotá Banco Interamericano de Desarrollo 2005
Bogotá Alfaomega 2005
Serija:Desarrollo para Todos, 5
Teme:
Oznake: Označite
Brez oznak, prvi označite!

MARC

LEADER 00000nam a2200000 a 4500
001 UCK4494
003 CL-VaPUC
008 050610e20050000ck |||||||||||||||||spa|d
020 |a 9586825515 
082 0 4 |a 338.98  |b DEV  |2 21 
100 |a Devlin, Robert M  |e author  |9 334404 
700 0 |a Estevadeordal, Antoni  |e author  |9 493001 
700 0 |a Stein, Ernesto  |e author  |9 493002 
245 1 4 |a Las nuevas fronteras de América Latina 
300 |a 64 p 
942 |c BK 
945 |d 20050610 00:00:00  |a cmena 
260 |a Bogotá  |b Banco Interamericano de Desarrollo  |c 2005 
260 |a Bogotá  |b Alfaomega  |c 2005 
650 0 |a Desarrollo económico y social   |9 256320 
650 0 |a Integración regional  |9 376371 
650 0 |a Tratados internacionales   |9 256056 
650 7 |a COMERCIO INTERNACIONAL  |2 CL-VaPUC  |9 493003 
651 0 |a América Latina   |9 255027 
583 |a last modification  |c 20171004 05:09:47  |k Rodrigo Vera 
490 0 |a Desarrollo para Todos, 5 
999 |c 313327  |d 313325 
952 |0 0  |1 0  |4 0  |6 338_980000000000000_DEV_2005_2005  |7 0  |8 A  |9 384601  |a BIBAGR  |b BIBAGR  |d 2019-11-22  |i 4136721  |o 338.98 DEV 2005 2005  |p 4136721  |r 2025-01-20  |w 2019-11-22  |y BK  |k AGR 
952 |0 0  |1 0  |4 0  |6 338_980000000000000_DEV_2005_2005  |7 0  |8 A  |9 384602  |a BIBGIM  |b BIBGIM  |d 2019-11-22  |i 4135709  |o 338.98 DEV 2005 2005  |p 4135709  |r 2025-01-15  |w 2019-11-22  |y BK  |k GIM